[Event "Werther- Kirchlengern"]
[Site "?"]
[Date "2022.10.02"]
[Round "2.4"]
[White "Henkemeier, Markus"]
[Black "Dilger, Tim"]
[Result "1-0"]
[WhiteElo "2032"]
[BlackElo "1855"]
[PlyCount "81"]
[SourceVersionDate "2023.06.22"]

1. d4 Nf6 2. Bf4 d6 3. e3 g6 4. Be2 Bg7 5. h4 h5 6. Nf3 Bg4 7. c3 Nbd7 8. Nbd2
c6 9. Qb3 Qb6 10. Bc4 d5 11. Bd3 Ng8 12. Qc2 Nh6 13. Rc1 O-O 14. O-O Rac8 15.
Qb1 c5 16. Rfe1 Bf5 17. b3 e6 18. Nf1 Qa5 19. Bxf5 Nxf5 20. Ng3 c4 21. b4 Qd8
22. Nxf5 gxf5 23. Qc2 Qf6 24. Qa4 Rfd8 25. Bg5 Qg6 26. Bxd8 Rxd8 27. Qxa7 Bf8
28. Qxb7 Bd6 29. a4 Nf6 30. a5 Ne4 31. a6 Kh8 32. Ng5 Nxg5 33. hxg5 Qxg5 34. f4
Qg8 35. Rf1 Qe8 36. a7 Ra8 37. b5 Kg7 38. Qa6 Be7 39. b6 Bh4 40. Rf3 Qc6 41. b7
1-0

[Event "Werther- Kirchlengern"]
[Site "?"]
[Date "2022.10.02"]
[Round "2.6"]
[White "Hufendiek, Ekkehard"]
[Black "Ott, Helmut"]
[Result "1-0"]
[WhiteElo "1899"]
[BlackElo "1970"]
[PlyCount "49"]
[SourceVersionDate "2023.06.22"]

1. e4 d6 2. d4 Nf6 3. Nc3 g6 4. Bc4 Bg7 5. Qe2 e5 6. dxe5 dxe5 7. Nf3 Bg4 8.
Bxf7+ Kf8 9. Bb3 c6 10. h3 Bxf3 11. Qxf3 Nbd7 12. Be3 Qe7 13. O-O-O Ke8 14. Qe2
Rf8 15. Qd3 Nc5 16. Bxc5 Qxc5 17. Qd6 Qxd6 18. Rxd6 Nh5 19. Re6+ Kd8 20. Rd1+
Kc8 21. Re7 Bh6+ 22. Kb1 Ng7 23. f3 Nh5 24. Be6+ Kb8 25. Rdd7 1-0

[Event "Herford- Münster 2"]
[Site "?"]
[Date "2022.10.02"]
[Round "2.1"]
[White "Weidemann, Jakob"]
[Black "Peist, Juergen"]
[Result "0-1"]
[WhiteElo "2056"]
[BlackElo "2269"]
[PlyCount "100"]
[SourceVersionDate "2023.06.22"]

1. e4 c6 2. d4 d5 3. e5 c5 4. dxc5 e6 5. a3 Bxc5 6. b4 Be7 7. Bb2 Nh6 8. Nf3 a5
9. b5 Nd7 10. c4 Nb6 11. Nbd2 O-O 12. Qc2 Bd7 13. cxd5 Rc8 14. Qb3 a4 15. Qd1
exd5 16. Nd4 Re8 17. Be2 Nf5 18. Bg4 Nxd4 19. Bxd4 Bc5 20. Bxd7 Qxd7 21. Bxc5
Rxc5 22. O-O Rxe5 23. Nf3 Re4 24. Nd4 Rc4 25. Nf3 Rc3 26. Re1 Qe7 27. Qd4 Rc5
28. Rxe4 dxe4 29. Nd2 f5 30. Rb1 h6 31. h3 Kh7 32. Rb4 Qc7 33. g3 Rd5 34. Qb2
Rd3 35. Rd4 Qe5 36. Rb4 Qxb2 37. Rxb2 Rxa3 38. Rc2 Nd5 39. Rc5 Rd3 40. Nc4 Rc3
41. Rxd5 Rxc4 42. b6 Rc1+ 43. Kg2 a3 44. Ra5 Ra1 45. Rxf5 a2 46. Ra5 Kg6 47.
Ra7 Kf6 48. Kh2 Ke6 49. g4 Kd6 50. Rxb7 Rb1 0-1

[Event "Herford- Münster 2"]
[Site "?"]
[Date "2022.10.02"]
[Round "2.2"]
[White "Quelle, Helmut"]
[Black "Borrink, Joern"]
[Result "0-1"]
[WhiteElo "2114"]
[BlackElo "2152"]
[PlyCount "124"]
[SourceVersionDate "2023.06.22"]

1. Nf3 d5 2. g3 Nf6 3. Bg2 c6 4. c4 e6 5. b3 Nbd7 6. Bb2 Bd6 7. O-O O-O 8. d3
e5 9. cxd5 cxd5 10. Nc3 Re8 11. Rc1 a6 12. Nd2 Nb6 13. e4 Bg4 14. f3 Bh5 15.
Bh3 Qe7 16. Rc2 Rad8 17. Qc1 Bb4 18. Nd1 Qd6 19. Bc3 dxe4 20. dxe4 Bxc3 21.
Nxc3 Nfd7 22. Bxd7 Rxd7 23. Rf2 Red8 24. Nf1 f6 25. Ne3 Qd3 26. Kg2 Bf7 27. Nf1
Qd6 28. Rfd2 Qe7 29. Rxd7 Rxd7 30. Qe3 Qd8 31. Rd2 Rxd2+ 32. Qxd2 Qxd2+ 33.
Nxd2 Kf8 34. f4 exf4 35. gxf4 Ke7 36. Kf3 Kd6 37. Ke3 Kc5 38. Nf3 a5 39. Nd4 a4
40. bxa4 Kb4 41. Ndb5 Nxa4 42. a3+ Kc5 43. Nxa4+ Kxb5 44. Nb2 Kc5 45. h4 h6 46.
f5 Be8 47. Kd3 Bc6 48. Ke3 Bb5 49. Nd3+ Kc4 50. Nf4 Be8 51. Ne6 g6 52. fxg6
Bxg6 53. Nf8 Bf7 54. Nd7 b5 55. Nxf6 Kb3 56. Kd4 Kxa3 57. Nd7 b4 58. Nc5 b3 59.
Nxb3 Kxb3 60. e5 Kb4 61. Ke4 Be6 62. Kd4 Kb5 0-1

[Event "Herford- Münster 2"]
[Site "?"]
[Date "2022.10.02"]
[Round "2.3"]
[White "Schroeder, Lennart"]
[Black "Stoimenov, Ivan"]
[Result "1-0"]
[WhiteElo "2041"]
[BlackElo "2086"]
[PlyCount "109"]
[SourceVersionDate "2023.06.22"]

1. d4 d5 2. c4 c6 3. Nf3 Nf6 4. e3 Bf5 5. Nc3 e6 6. Be2 Bd6 7. O-O Nbd7 8. b3
O-O 9. Nh4 Bg6 10. Nxg6 hxg6 11. Bb2 Re8 12. Qc2 Rc8 13. Rac1 c5 14. dxc5 Nxc5
15. cxd5 exd5 16. Rfd1 Nce4 17. Qd3 Bxh2+ 18. Kxh2 Nxf2 19. Qd4 Rxe3 20. Nxd5
Nxd1 21. Nxe3 Nxb2 22. Rxc8 Qxc8 23. Qxb2 Qc7+ 24. Kg1 Qf4 25. Qc3 Ne4 26. Qc8+
Kh7 27. Qh3+ Kg8 28. Qf3 Qe5 29. Bc4 Ng5 30. Qf2 b5 31. Bf1 Ne4 32. Qf3 f5 33.
a4 f4 34. Bd3 Nc5 35. Nc2 bxa4 36. Bxg6 Ne6 37. bxa4 Nf8 38. Bd3 Qc5+ 39. Qf2
Qc7 40. Qd4 Nd7 41. Qc4+ Qxc4 42. Bxc4+ Kf8 43. Nd4 Ne5 44. Bd5 Ke7 45. Nc6+
Kd6 46. Nxe5 Kxd5 47. Nd3 g5 48. Kf2 Kc4 49. Ne5+ Kd5 50. Nf7 g4 51. Nh6 Kc4
52. Nxg4 Kb4 53. Ne5 a6 54. Nd7 a5 55. Ne5 1-0

[Event "Herford- Münster 2"]
[Site "?"]
[Date "2022.10.02"]
[Round "2.4"]
[White "Hanisch, Bernd"]
[Black "Boesel, Alexander"]
[Result "1/2-1/2"]
[WhiteElo "2060"]
[BlackElo "1986"]
[PlyCount "40"]
[SourceVersionDate "2023.06.22"]

1. c4 e5 2. Nc3 Bb4 3. Nd5 Be7 4. e3 c6 5. Nxe7 Qxe7 6. d4 d6 7. Ne2 Nf6 8. Nc3
O-O 9. Be2 Nbd7 10. O-O Re8 11. b3 Nf8 12. Ba3 e4 13. Rb1 Ng6 14. b4 Qd7 15. b5
Nh4 16. g3 Ng6 17. Re1 h5 18. Bf1 h4 19. Rb2 Qc7 20. Be2 Qd7 1/2-1/2

[Event "Herford- Münster 2"]
[Site "?"]
[Date "2022.10.02"]
[Round "2.5"]
[White "Virnyi, Julius"]
[Black "Klemme, Thomas"]
[Result "1-0"]
[WhiteElo "2084"]
[BlackElo "1991"]
[PlyCount "69"]
[SourceVersionDate "2023.06.22"]

1. d4 d5 2. c4 e6 3. Nf3 Nf6 4. g3 b6 5. Bg2 Bb7 6. O-O Nbd7 7. cxd5 exd5 8.
Nc3 c6 9. Nh4 Be7 10. Nf5 O-O 11. Bg5 h6 12. Bh4 Re8 13. e4 dxe4 14. Nxe4 Nxe4
15. Nxe7+ Rxe7 16. Bxe7 Qxe7 17. Re1 f5 18. f3 Ndf6 19. fxe4 fxe4 20. Qb3+ Kh8
21. a4 c5 22. Qa3 Rc8 23. Rac1 Qd8 24. dxc5 Qd4+ 25. Qe3 Qxb2 26. Bh3 Rc6 27.
Rb1 Qa2 28. cxb6 Qxa4 29. bxa7 Nd5 30. Rxb7 Nxe3 31. Rb8+ Kh7 32. a8=Q Qd4 33.
Rh8+ Kg6 34. Qxc6+ Kg5 35. Qc1 1-0

[Event "Herford- Münster 2"]
[Site "?"]
[Date "2022.10.02"]
[Round "2.6"]
[White "Heuermann, Heinz- Burkhard"]
[Black "Junk, Phillip"]
[Result "0-1"]
[WhiteElo "1917"]
[BlackElo "2078"]
[PlyCount "88"]
[SourceVersionDate "2023.06.22"]

1. c4 c6 2. g3 d5 3. cxd5 cxd5 4. Bg2 Nf6 5. d4 Nc6 6. Nf3 Qb6 7. O-O Bg4 8.
Ne5 Qxd4 9. Nxg4 Qxg4 10. Nc3 e6 11. Be3 Be7 12. Qb3 Qb4 13. Nb5 O-O 14. Rfc1
Rfc8 15. Qxb4 Bxb4 16. a3 Be7 17. Rc2 a6 18. Nc3 Na5 19. Rd1 Nc4 20. Bc1 b5 21.
e4 dxe4 22. Nxe4 Nxe4 23. Bxe4 Nd6 24. Rxc8+ Rxc8 25. Bf3 f6 26. Bf4 e5 27.
Bd5+ Kf8 28. Be3 Rc2 29. b3 Nf5 30. Bb6 g6 31. Bb7 Bxa3 32. Rd8+ Kg7 33. Ra8
Bc5 34. Bxc5 Rxc5 35. Rxa6 Nd4 36. Ra3 f5 37. Kg2 e4 38. h4 Rc2 39. Kf1 h6 40.
Bd5 g5 41. h5 Rc1+ 42. Kg2 g4 43. Ra6 Nf3 44. Rg6+ Kf8 0-1

[Event "Bielefeld 2- Nienberge"]
[Site "?"]
[Date "2022.10.02"]
[Round "2.1"]
[White "Mikeladze, Berdia"]
[Black "Winkler, Yonathan"]
[Result "1-0"]
[WhiteElo "2127"]
[BlackElo "1806"]
[PlyCount "125"]
[SourceVersionDate "2023.06.22"]

1. d4 d5 2. e3 Nf6 3. Bd3 c5 4. c3 Nc6 5. f4 Bg4 6. Nf3 e6 7. O-O Bd6 8. Qe1
Bxf3 9. Rxf3 Qc7 10. Bd2 c4 11. Bc2 g5 12. e4 dxe4 13. Bxe4 gxf4 14. Na3 O-O-O
15. Nxc4 Nxe4 16. Qxe4 e5 17. Kh1 f6 18. Be1 Rhf8 19. dxe5 fxe5 20. Bh4 Rd7 21.
Rd1 Be7 22. Rxd7 Qxd7 23. Rd3 Qe6 24. Bxe7 Qxe7 25. b4 Rd8 26. b5 Rxd3 27. Qxd3
Nd8 28. Qf5+ Ne6 29. Qxe5 Qd7 30. h3 f3 31. Nd6+ Kc7 32. Nc4+ Kc8 33. gxf3 Qd1+
34. Kg2 Qc2+ 35. Kg3 Qg6+ 36. Kf2 Qc2+ 37. Ke3 Qc1+ 38. Kf2 Qc2+ 39. Qe2 Qg6
40. Ne5 Qg5 41. Qc4+ Nc7 42. Qd4 Qe7 43. a4 Ne6 44. Qc4+ Kb8 45. Nd3 Qd6 46. f4
Qe7 47. Kf3 Qf7 48. Qd5 h6 49. Qe5+ Kc8 50. Qh8+ Kc7 51. Qxh6 Ng7 52. Qh7 Qd5+
53. Qe4 Qh5+ 54. Kf2 Nf5 55. Qe5+ Kc8 56. Qe6+ Kc7 57. Qc4+ Kb8 58. Qg8+ Kc7
59. Qg4 Qf7 60. Ne5 Qf6 61. a5 Nd6 62. b6+ axb6 63. axb6+ 1-0

[Event "Bielefeld 2- Nienberge"]
[Site "?"]
[Date "2022.10.02"]
[Round "2.2"]
[White "Koehler, Justus"]
[Black "Gottkehaskamp, Stefan"]
[Result "1-0"]
[WhiteElo "1944"]
[BlackElo "2074"]
[PlyCount "79"]
[SourceVersionDate "2023.06.22"]

1. e4 c6 2. d4 d5 3. e5 Bf5 4. Nf3 e6 5. Be2 c5 6. Be3 Qb6 7. Nc3 Nc6 8. O-O
Qxb2 9. Qe1 cxd4 10. Bxd4 Bb4 11. Rb1 Qxc2 12. Rxb4 Nxb4 13. Bd1 Qd3 14. Be2
Qc2 15. Qa1 Nd3 16. Rb1 Ne7 17. Bd1 Qxb1 18. Qxb1 O-O 19. g4 Be4 20. Qxb7 Bxf3
21. Qxe7 Bxd1 22. Nxd1 a5 23. Nc3 Rac8 24. h4 Nf4 25. Kh2 Ng6 26. Qa3 Rc4 27.
Nb5 Nxh4 28. Kg3 Ng6 29. Qxa5 Ne7 30. Qb6 h5 31. Nd6 h4+ 32. Kxh4 Nc8 33. Qb2
Rc6 34. f4 Ne7 35. f5 exf5 36. gxf5 Rc7 37. Kg5 Nc8 38. f6 Nxd6 39. exd6 Rc4
40. fxg7 1-0

[Event "Bielefeld 2- Nienberge"]
[Site "?"]
[Date "2022.10.02"]
[Round "2.4"]
[White "Velasco, Eduardo Garnacho"]
[Black "Keller, Dirk"]
[Result "1/2-1/2"]
[WhiteElo "1896"]
[BlackElo "1984"]
[PlyCount "100"]
[SourceVersionDate "2023.06.22"]

1. e4 c6 2. Nf3 d5 3. Nc3 Bg4 4. h3 Bxf3 5. Qxf3 e6 6. d3 Nd7 7. g4 Bb4 8. Bd2
Qb6 9. Qe2 d4 10. Nd1 e5 11. Bg2 Ne7 12. O-O Bxd2 13. Qxd2 Ng6 14. a4 Ndf8 15.
a5 Qc5 16. b4 Qd6 17. Nb2 Ne6 18. Nc4 Qe7 19. a6 b6 20. Nxe5 Nxe5 21. f4 Nd7
22. e5 Nd8 23. Rae1 O-O 24. Qf2 Rc8 25. Qxd4 c5 26. Qd5 cxb4 27. Kh1 Rxc2 28.
f5 Re8 29. d4 Nf8 30. Qb5 Kh8 31. f6 Qd7 32. fxg7+ Kxg7 33. Qxb4 Nc6 34. Qb3
Nxd4 35. Qe3 Nfe6 36. Be4 Rc5 37. Rf6 Kf8 38. Qh6+ Ke7 39. Qxh7 Rf8 40. Ref1
Ke8 41. Bg6 Qd5+ 42. Be4 Qd7 43. Rxf7 Rxf7 44. Rxf7 Qxf7 45. Bg6 Rc1+ 46. Kh2
Rc2+ 47. Kh1 Rc1+ 48. Kh2 Rc2+ 49. Kh1 Rc1+ 50. Kh2 Rc2+ 1/2-1/2

[Event "Bielefeld 2- Nienberge"]
[Site "?"]
[Date "2022.10.02"]
[Round "2.5"]
[White "Gottkehaskamp, Philipp"]
[Black "Cordes, Jule Johanne"]
[Result "1-0"]
[WhiteElo "2054"]
[BlackElo "1787"]
[PlyCount "59"]
[SourceVersionDate "2023.06.22"]

1. d4 d5 2. Nf3 Nf6 3. g3 c5 4. Bg2 cxd4 5. O-O h6 6. Nxd4 e5 7. Nb3 Be7 8. c4
Be6 9. Nc3 e4 10. cxd5 Nxd5 11. Nxe4 Qb6 12. Nec5 Bxc5 13. Bxd5 Bxd5 14. Qxd5
Be7 15. Be3 Qc6 16. Qe5 Qf6 17. Qb5+ Qc6 18. a4 O-O 19. Rfc1 Qa6 20. Rc7 Bf6
21. Rxb7 Qe6 22. Nc5 Qg4 23. Rd1 a6 24. Qb6 Qxe2 25. Rd6 Be5 26. Rd8 Rxd8 27.
Qxd8+ Kh7 28. Qd5 Bxb2 29. Qe4+ Kg8 30. Rxb2 1-0

[Event "Bielefeld 2- Nienberge"]
[Site "?"]
[Date "2022.10.02"]
[Round "2.7"]
[White "Wetterau, Georg"]
[Black "Gruettemeier, Uwe"]
[Result "0-1"]
[WhiteElo "1852"]
[BlackElo "2069"]
[PlyCount "90"]
[SourceVersionDate "2023.06.22"]

1. d4 d5 2. Nf3 Bf5 3. Bf4 c5 4. Nc3 e6 5. e3 Nc6 6. Ne5 Bd6 7. Nb5 Bb8 8. c3
a6 9. Nxc6 bxc6 10. Bxb8 Qxb8 11. Na3 Qxb2 12. Qc1 Qxc1+ 13. Rxc1 c4 14. f3 Rb8
15. e4 Bg6 16. Rb1 Rxb1+ 17. Nxb1 Nf6 18. Nd2 Ke7 19. Kd1 Rb8 20. Kc1 a5 21. h4
h5 22. g4 dxe4 23. gxh5 Nxh5 24. fxe4 Ng3 25. Rg1 Nxe4 26. Rxg6 Nxd2 27. Rg1
Nxf1 28. Rxf1 a4 29. h5 Rb5 30. Rh1 a3 31. h6 gxh6 32. Rxh6 Rb2 33. Rh5 f5 34.
Rh7+ Kd6 35. Ra7 Rxa2 36. Ra4 Kd5 37. Kb1 Rb2+ 38. Kc1 Rb3 39. Kc2 f4 40. Ra5+
Rb5 41. Rxa3 f3 42. Kd2 Ke4 43. Ra1 Rb2+ 44. Ke1 Ke3 45. Kf1 f2 0-1

[Event "Iserlohn- Steinfurt"]
[Site "?"]
[Date "2022.10.02"]
[Round "2.1"]
[White "Rieke, Theo"]
[Black "Messarius, Juergen"]
[Result "0-1"]
[WhiteElo "1974"]
[BlackElo "2186"]
[PlyCount "70"]
[SourceVersionDate "2023.06.22"]

1. Nf3 d6 2. d4 f5 3. c4 g6 4. g3 Nh6 5. h4 Nf7 6. h5 Bg7 7. hxg6 hxg6 8. Rxh8+
Bxh8 9. Ng5 c6 10. Nxf7 Kxf7 11. Nc3 Qb6 12. e3 Nd7 13. Qb3 e5 14. d5 e4 15.
Bd2 Qxb3 16. axb3 Nc5 17. Ra3 cxd5 18. b4 Na6 19. Nxd5 Bxb2 20. Ra2 Be5 21. b5
Nc5 22. Nb6 Rb8 23. Rxa7 Be6 24. Bb4 Ke7 25. Kd2 g5 26. Nd5+ Bxd5 27. cxd5 Nd7
28. Bc4 f4 29. gxf4 gxf4 30. exf4 Bd4 31. Ra3 Bxf2 32. Rh3 Nf6 33. Bc3 Rc8 34.
Bb3 e3+ 35. Kd3 Rxc3+ 0-1

[Event "Iserlohn- Steinfurt"]
[Site "?"]
[Date "2022.10.02"]
[Round "2.2"]
[White "Kind, Bertram"]
[Black "Arning, Marcus"]
[Result "1-0"]
[WhiteElo "2137"]
[BlackElo "1999"]
[PlyCount "153"]
[SourceVersionDate "2023.06.22"]

1. e4 e5 2. Nf3 Nc6 3. Bc4 Nf6 4. d3 Be7 5. Nc3 O-O 6. a3 d6 7. Be3 Kh8 8. h3
h6 9. Qd2 Nh7 10. g4 Be6 11. Nd5 Ng5 12. Nxg5 Bxg5 13. Bxg5 hxg5 14. c3 Na5 15.
b4 Nxc4 16. dxc4 c6 17. Ne3 a5 18. O-O g6 19. Rfd1 axb4 20. axb4 Rxa1 21. Rxa1
Kg7 22. Rd1 Qf6 23. Kg2 Qf4 24. f3 Ra8 25. Qe2 Ra3 26. Rd3 b5 27. cxb5 cxb5 28.
Rxd6 Rxc3 29. Rd3 Rc8 30. Qb2 Bc4 31. Nd5 Bxd3 32. Nxf4 Rc2+ 33. Qxc2 Bxc2 34.
Nd5 f5 35. gxf5 gxf5 36. Ne3 Bd3 37. Nxf5+ Kf6 38. Kg3 Be2 39. Kg4 Bc4 40. h4
gxh4 41. Kxh4 Be2 42. Kg3 Bd3 43. Kf2 Kg5 44. Ke3 Bf1 45. Ne7 Kf6 46. Nc6 Bc4
47. f4 exf4+ 48. Kxf4 Ke6 49. Ke3 Kd6 50. Nd4 Ke5 51. Nf3+ Kd6 52. Kd4 Bf1 53.
Ng5 Bc4 54. Nh3 Bf1 55. Nf4 Bc4 56. Nd3 Ke6 57. Nc5+ Kd6 58. Nd3 Ke6 59. Nf4+
Kd6 60. Nd5 Ke6 61. Nb6 Bf1 62. e5 Bg2 63. Nc8 Bf1 64. Nd6 Be2 65. Ne4 Bc4 66.
Nc5+ Ke7 67. Ke4 Bf1 68. Nd3 Ke6 69. Nf4+ Ke7 70. e6 Kd6 71. Kf5 Ke7 72. Ke5
Bc4 73. Ng6+ Ke8 74. Kd6 Bd3 75. Nf4 Be4 76. Nh5 Bg6 77. Nf6+ 1-0

[Event "Iserlohn- Steinfurt"]
[Site "?"]
[Date "2022.10.02"]
[Round "2.3"]
[White "Haselhorst, Helmut"]
[Black "Klauke, Stefan"]
[Result "1/2-1/2"]
[WhiteElo "2058"]
[BlackElo "2099"]
[PlyCount "74"]
[SourceVersionDate "2023.06.22"]

1. Nf3 d5 2. d4 Nc6 3. c4 Bg4 4. cxd5 Bxf3 5. gxf3 Qxd5 6. e3 e5 7. Nc3 Bb4 8.
Bd2 Bxc3 9. bxc3 Nge7 10. Be2 O-O 11. Qb3 Qd6 12. O-O Kh8 13. Rad1 f5 14. Bc1
exd4 15. cxd4 f4 16. Kh1 Rf6 17. Rg1 Rh6 18. Rg2 Nf5 19. Rdg1 Rg8 20. d5 Ne5
21. Bb2 fxe3 22. fxe3 Nh4 23. f4 Neg6 24. Rg5 c6 25. Qxb7 cxd5 26. Qxd5 Qb4 27.
Be5 Qe7 28. Rd1 Nxe5 29. Rxe5 Qc7 30. Bc4 Rf8 31. Bb3 Qc8 32. Qd7 Nf3 33. Kg2
Qxd7 34. Rxd7 Nxe5 35. fxe5 Rg6+ 36. Kh3 Rh6+ 37. Kg2 Rg6+ 1/2-1/2

[Event "Iserlohn- Steinfurt"]
[Site "?"]
[Date "2022.10.02"]
[Round "2.6"]
[White "Schwanbeck, Christoph"]
[Black "Raus, Michael"]
[Result "1/2-1/2"]
[WhiteElo "2073"]
[BlackElo "1938"]
[PlyCount "65"]
[SourceVersionDate "2023.06.22"]

1. d4 e6 2. Nf3 b6 3. Bf4 Bb7 4. e3 f5 5. Be2 Nf6 6. O-O Be7 7. Ne5 O-O 8. c4
d6 9. Nd3 Nbd7 10. Bg5 Ne4 11. Bxe7 Qxe7 12. f3 Nef6 13. Nc3 a6 14. b4 Rae8 15.
Qd2 e5 16. d5 e4 17. Nf4 exf3 18. Rxf3 Ne5 19. Rg3 Bc8 20. Qd4 Rf7 21. a4 Qd8
22. a5 Rfe7 23. axb6 cxb6 24. c5 bxc5 25. bxc5 dxc5 26. Qxc5 Neg4 27. Bxa6 Bxa6
28. Rxa6 Rxe3 29. Rxe3 Rxe3 30. Ra1 Ne4 31. Nxe4 Rxe4 32. Ne6 Qb8 33. Qc7
1/2-1/2

[Event "Katernberg- Erkenschwick"]
[Site "?"]
[Date "2022.09.11"]
[Round "1.1"]
[White "Jens, Jelmer"]
[Black "Siebrecht, Sebastian"]
[Result "1/2-1/2"]
[WhiteElo "2420"]
[BlackElo "2378"]
[PlyCount "74"]
[EventDate "2022.??.??"]
[SourceVersionDate "2023.06.22"]

1. e4 c5 2. Nf3 e6 3. d4 cxd4 4. Nxd4 a6 5. Bd3 Bc5 6. Nb3 Be7 7. O-O d6 8. c4
Nf6 9. Nc3 Nbd7 10. f4 Qc7 11. Qe2 b6 12. Bd2 Bb7 13. Rae1 h5 14. Rf3 g6 15.
Kh1 h4 16. Rh3 Rh5 17. Nd4 O-O-O 18. b4 Kb8 19. Nd5 exd5 20. cxd5 Nc5 21. bxc5
dxc5 22. Nc6+ Bxc6 23. dxc6 c4 24. Bxc4 Nxe4 25. Qxe4 Rxd2 26. Bxf7 Rf5 27.
Bxg6 Rxf4 28. Qe3 Rdf2 29. g3 R4f3 30. Qe4 Bd8 31. Bh5 Rc3 32. Rd1 Be7 33. Be2
b5 34. Rf1 Qxc6 35. Qxc6 Rxf1+ 36. Bxf1 Rxc6 37. gxh4 Rc1 1/2-1/2

[Event "Katernberg- Erkenschwick"]
[Site "?"]
[Date "2022.09.11"]
[Round "1.2"]
[White "Tomic, Bosko"]
[Black "De Vreugt, Dennis"]
[Result "1/2-1/2"]
[WhiteElo "2426"]
[BlackElo "2405"]
[PlyCount "39"]
[EventDate "2022.??.??"]
[SourceVersionDate "2023.06.22"]

1. e4 e5 2. Nf3 Nc6 3. Bb5 a6 4. Ba4 Nf6 5. Qe2 b5 6. Bb3 Be7 7. d4 d5 8. Nc3
dxe4 9. dxe5 exf3 10. Qxf3 Bb7 11. exf6 Bxf6 12. Ne4 Qe7 13. O-O Be5 14. Be3
Nd4 15. Bxd4 Bxd4 16. Nf6+ Bxf6 17. Qxb7 O-O 18. Rfe1 Qc5 19. c3 Rad8 20. Rad1
1/2-1/2

[Event "Katernberg- Erkenschwick"]
[Site "?"]
[Date "2022.09.11"]
[Round "1.3"]
[White "Erwich, Frank"]
[Black "Kueppers, Timo"]
[Result "1/2-1/2"]
[WhiteElo "2391"]
[BlackElo "2262"]
[Annotator "daniel"]
[PlyCount "169"]
[EventDate "2022.??.??"]
[SourceVersionDate "2023.06.22"]

1. e4 c5 2. Nf3 d6 3. Bb5+ Nd7 4. d4 cxd4 5. Nxd4 Ngf6 6. O-O e6 7. Re1 Be7 8.
Bf1 O-O 9. c4 a6 10. Nc3 Qc7 11. a4 b6 12. b3 Bb7 13. Bb2 Rfe8 14. Rc1 Rac8 15.
g3 Qb8 16. Bg2 Qa8 17. Rc2 Bf8 18. Rce2 Nc5 19. Qc2 g6 20. Nf3 Bg7 21. Nd2 Ng4
22. Nf1 Ne5 23. Rd2 Nc6 24. Qd1 Na5 25. Rxd6 Red8 26. Rxd8+ Rxd8 27. Qc2 Ncxb3
28. Nd1 Nd4 29. Qc1 Nab3 30. Qb1 Nc5 31. Nc3 $11 Bc6 32. Ba1 Ndb3 33. Bb2 Nd3
34. Re2 Nxb2 35. Qxb2 Nd4 36. Re3 Qb7 37. Qb1 Qc7 38. Rd3 Bb7 39. Ne3 Nc6 40.
Ne2 Rxd3 41. Qxd3 Ne5 42. Qb3 Qc5 43. Kf1 Nc6 44. Qd1 Nd4 45. Nf4 Bc6 46. h4
Qa3 47. e5 Bxg2+ 48. Kxg2 Bxe5 49. Ng4 Bg7 50. h5 Qb3 51. Qxb3 Nxb3 52. h6 Bc3
53. Nd3 f6 54. f4 Kf7 55. Ngf2 Bd4 56. Ne4 Nc5 57. Ndxc5 Bxc5 58. g4 Be7 59.
Kf3 g5 60. fxg5 f5 61. gxf5 exf5 62. Nc3 Bxg5 63. Nd5 Bxh6 64. Nxb6 Ke6 65. Nd5
Kd6 66. Nb4 a5 67. Nd3 Bg5 68. Kg3 h5 69. Kf3 h4 70. Kg2 Ke6 71. Kh3 Be7 72.
Nf4+ Ke5 73. Ng6+ Kd6 74. Nxe7 Kxe7 75. Kxh4 Kd6 76. Kg5 Kc5 77. Kxf5 Kb4 78.
c5 Kxc5 79. Ke4 Kb4 80. Kd3 Kxa4 81. Kc2 Kb4 82. Kb2 a4 83. Ka2 a3 84. Ka1 a2
85. Kxa2 1/2-1/2

[Event "Katernberg- Erkenschwick"]
[Site "?"]
[Date "2022.09.11"]
[Round "1.4"]
[White "Schimnatkowski, Lukas"]
[Black "Willemze, Thomas"]
[Result "1-0"]
[WhiteElo "2165"]
[BlackElo "2371"]
[PlyCount "43"]
[EventDate "2022.??.??"]
[SourceVersionDate "2023.06.22"]

1. e4 c5 2. Nc3 Nc6 3. Bb5 Nd4 4. Bc4 e6 5. Nge2 Nf6 6. O-O a6 7. a4 d5 8. exd5
exd5 9. Ba2 Bd6 10. d3 Ne6 11. Ng3 h5 12. Re1 Bxg3 13. hxg3 Kf8 14. Re5 Qd6 15.
Qe1 h4 16. Nxd5 hxg3 17. fxg3 Ng4 18. Re4 f5 19. Bf4 Qc6 20. Re5 Nxf4 21. Rxf5+
Kg8 22. Nf6+ 1-0

[Event "Katernberg- Erkenschwick"]
[Site "?"]
[Date "2022.09.11"]
[Round "1.5"]
[White "Jonkman, Harmen"]
[Black "Wessendorf, Thomas"]
[Result "0-1"]
[WhiteElo "2342"]
[BlackElo "2229"]
[Annotator "daniel"]
[PlyCount "76"]
[EventDate "2022.??.??"]
[SourceVersionDate "2023.06.22"]

1. e4 c5 2. c3 d5 3. exd5 Qxd5 4. d4 g6 5. Nf3 Bg7 6. Na3 cxd4 7. Nb5 Na6 8.
Be3 Nf6 9. Bxd4 O-O 10. Be2 Bg4 11. c4 Qc6 12. O-O Bxf3 13. Bxf3 Qxc4 14. Qb3
Qxb3 15. axb3 Nb4 16. Bxb7 Rab8 17. Rxa7 Nfd5 18. Bxg7 Kxg7 19. g3 Rfd8 20. Re1
Rd7 21. Bxd5 Rxa7 22. Nxa7 Nxd5 23. Nc6 Rxb3 24. Re2 e6 25. Kf1 Nb6 26. Ne5 f6
27. Ng4 Kf7 28. Ne3 e5 $11 29. Ke1 Na4 30. Nc4 Rb4 31. Rc2 Ke6 32. Kd1 Rxc4 33.
Re2 Rb4 34. Kc1 f5 35. Rc2 Kd5 36. Kb1 Rxb2+ 37. Rxb2 Nxb2 38. Kxb2 Ke4 0-1

[Event "Katernberg- Erkenschwick"]
[Site "?"]
[Date "2022.09.11"]
[Round "1.6"]
[White "Bee, Marcus"]
[Black "Erwich, Marc"]
[Result "0-1"]
[WhiteElo "2219"]
[BlackElo "2366"]
[PlyCount "94"]
[EventDate "2022.??.??"]
[SourceVersionDate "2023.06.22"]

1. g3 d5 2. Nf3 c6 3. c4 dxc4 4. Bg2 g6 5. Qc2 Bg7 6. Qxc4 e5 7. d3 Be6 8. Qc2
h6 9. O-O Ne7 10. Bd2 Nd7 11. Nc3 O-O 12. Rab1 f5 13. b4 b6 14. Rfc1 a5 15. a3
g5 16. Bxg5 hxg5 17. Nxg5 Bf7 18. Nxf7 Rxf7 19. b5 c5 20. Bxa8 Qxa8 21. Qb3 Kf8
22. Qc4 Rf6 23. Rf1 Rh6 24. f3 Nf6 25. Rbe1 Qd8 26. e3 Ne8 27. Rf2 Nd6 28. Qb3
Nf7 29. Qc4 Ng5 30. Kg2 Qe8 31. h4 Nf7 32. Nd5 Nd6 33. Qa2 Nxd5 34. Qxd5 Qxb5
35. g4 c4 36. dxc4 Qxc4 37. Qa8+ Ne8 38. Rd1 Rxh4 39. Rd8 Qa4 40. Rfd2 Bf6 41.
R2d7 Bxd8 42. Qxd8 Qc2+ 43. Rd2 Qc1 44. Rd1 Qxe3 45. Qxh4 Qe2+ 46. Kh3 Qxf3+
47. Kh2 Qe2+ 0-1

[Event "Katernberg- Erkenschwick"]
[Site "?"]
[Date "2022.09.11"]
[Round "1.7"]
[White "Van Beek, Alexander"]
[Black "Gruenter, Martin"]
[Result "1/2-1/2"]
[WhiteElo "2306"]
[BlackElo "2182"]
[PlyCount "101"]
[EventDate "2022.??.??"]
[SourceVersionDate "2023.06.22"]

1. e4 c5 2. Nf3 d6 3. Bb5+ Bd7 4. Bxd7+ Qxd7 5. c4 Nf6 6. Nc3 g6 7. d4 cxd4 8.
Nxd4 Bg7 9. b3 Qg4 10. O-O Qxd1 11. Rxd1 Nc6 12. Nxc6 bxc6 13. Ba3 Nd7 14. Rac1
O-O-O 15. f4 Nc5 16. e5 Ne6 17. Rf1 dxe5 18. fxe5 Bxe5 19. Bxe7 Rd3 20. Bf6
Bd4+ 21. Bxd4 Nxd4 22. Rcd1 Rxc3 23. Rxd4 f5 24. Rfd1 Rc2 25. R1d2 Rxd2 26.
Rxd2 Kc7 27. Kf2 Re8 28. Rd4 a5 29. Kf3 Re7 30. h4 Re1 31. g3 Re6 32. Rd3 h6
33. c5 g5 34. Rd4 Re5 35. Rc4 Kd7 36. a3 Ke6 37. b4 axb4 38. axb4 Kd5 39. Rc2
Re4 40. Rd2+ Rd4 41. Rb2 gxh4 42. gxh4 Rxh4 43. b5 cxb5 44. Rxb5 Kc6 45. Rb6+
Kxc5 46. Rf6 Rh5 47. Kf4 Kd4 48. Rxf5 Rxf5+ 49. Kxf5 h5 50. Kg5 h4 51. Kxh4
1/2-1/2

[Event "Katernberg- Erkenschwick"]
[Site "?"]
[Date "2022.09.11"]
[Round "1.8"]
[White "Gassmann, Volker"]
[Black "Eggenstein, Frank"]
[Result "1/2-1/2"]
[WhiteElo "2198"]
[BlackElo "2011"]
[Annotator "daniel"]
[PlyCount "131"]
[EventDate "2022.??.??"]
[SourceVersionDate "2023.06.22"]

1. d4 d5 2. c4 e6 3. Nc3 Nf6 4. cxd5 exd5 5. Bg5 Be7 6. e3 c6 7. Bd3 O-O 8. Qc2
h6 9. Bh4 Re8 10. Nf3 Ne4 11. Bxe7 Qxe7 12. h3 Bf5 13. Ne5 Nd7 14. Nxd7 Qxd7
15. g4 Bg6 16. O-O-O Nxc3 17. Qxc3 Bxd3 18. Qxd3 Qe6 $11 19. Rhg1 g6 20. Rd2
Re7 21. Rc2 Qd6 22. Rg3 Rae8 23. Kd1 Kg7 24. a3 Rc7 25. Ke2 Kg8 26. h4 Rce7 27.
Rc1 Rc7 28. h5 g5 29. Qf5 Re6 30. b4 b6 31. Rf3 Kg7 32. Rc3 Rce7 33. Qc2 Rc7
34. Qc1 Kg8 35. Qg1 Re4 36. Qg3 Qe7 37. Kf1 Rc8 38. Rf5 Qd7 39. Kg2 Qe6 40. Kh3
Kg7 41. Qf3 Rc7 42. Rd3 Rd7 43. Qg3 Qe8 44. Qg1 Re6 45. Rc3 Rdd6 46. Qg2 Re4
$11 47. Qf3 Qe6 48. Rc1 Qe8 49. Rg1 Qd7 50. Rg3 Ree6 51. Qd1 Rf6 52. Rgf3 Rxf5
53. Rxf5 a5 54. bxa5 bxa5 55. Qc2 Re6 56. Qe2 Qb7 57. Qf3 Qe7 58. a4 Qb7 59.
Qd1 Qb4 60. Kg2 Rd6 61. Re5 Rf6 62. Qc2 Qd6 63. Qc5 Qb8 64. Qc2 Qd6 65. Qc5 Qb8
66. Qc2 1/2-1/2